Manual de rehabilitación en polioterapia y suspensión / (Record no. 55672)

MARC details
000 -LEADER
campo de control de longitud fija 00761nam a2200217 i 4500
001 - NÚMERO DE CONTROL
campo de control 55672
003 - IDENTIFICADOR DE NÚMERO DE CONTROL
campo de control ES-MaACL
005 - FECHA Y HORA DE LA ÚLTIMA TRANSACCIÓN
campo de control 20230906163207.0
007 - CAMPO FIJO DE DESCRIPCIÓN FÍSICA--INFORMACIÓN GENERAL
campo de control de longitud fija t|
008 - DATOS DE LONGITUD FIJA--INFORMACIÓN GENERAL
campo de control de longitud fija 030925s1962 sp ||||1| spa d
100 1# - ENTRADA PRINCIPAL--NOMBRE DE PERSONA
Nombre de persona Desviat Cejudo, Manuel.
9 (RLIN) 43962
245 10 - MENCIÓN DEL TÍTULO
Título Manual de rehabilitación en polioterapia y suspensión /
Mención de responsabilidad, etc. M. Desviat Cejudo ; con la colaboración de A. Alvarez Valencia ; prólogo de P. Lambert ; prefacio de A. San Martín.
260 ## - PUBLICACIÓN, DISTRIBUCIÓN, ETC.
Lugar de publicación, distribución, etc. Madrid :
Nombre del editor, distribuidor, etc. Librería Científico Médica,
Fecha de publicación, distribución, etc. 1962.
300 ## - DESCRIPCIÓN FÍSICA
Extensión 107 p. :
Otras características físicas il. ;
Dimensiones 21 cm.
650 #4 - PUNTO DE ACCESO ADICIONAL DE MATERIA--TÉRMINO DE MATERIA
Término de materia o nombre geográfico como elemento de entrada Rehabilitación.
9 (RLIN) 161940
700 1# - ENTRADA AGREGADA--NOMBRE PERSONAL
Nombre de persona Alvarez Valencia, A.
9 (RLIN) 20989
700 1# - ENTRADA AGREGADA--NOMBRE PERSONAL
Nombre de persona Lambert, P.
9 (RLIN) 69817
700 1# - ENTRADA AGREGADA--NOMBRE PERSONAL
Nombre de persona San Martín, A.
9 (RLIN) 203080
852 ## - LOCALIZACIÓN
Ubicación ES-MaACL
Número de control de estantería C-20633
Holdings
Estatus retirado Estado de pérdida Estado de daño No para préstamo Biblioteca de origen Biblioteca actual Ubicación en estantería Fecha de adquisición Fuente de adquisición Total de préstamos Signatura topográfica completa Código de barras Visto por última vez Precio de reemplazo Tipo de ítem Koha
        Biblioteca del Ateneo de Madrid Biblioteca del Ateneo de Madrid Galería 17/01/2008     C-20633 1058485 23/02/2023 23/02/2023 Libro impreso